zpět

Detail výsledku týmu

Organza, Liberec

Datum a čas kvízu

29 Celkem bodů Celkový počet nahraných bodů na tomto kvízu bez doplňovacích otázek.
5. Pořadí na kvízu Konečné umístění týmu na tomto kvízu.

Zaznamenané odpovědi

# Otázka Odpověď Body Výsledky
1. Jindřich Vobořil ve čtvrtek u... Národní protidrogový koordinátor 0
2. Nepříjemný závěr své cesty zaž... olympijské hry v Paříži 1
3. Minulý týden jsme se dozvěděli... kameraman 0
4. Ředitelka české pobočky jedné... Google 0
5. LeBron James pokořil ve své 21... 40 000 bodů 1
6. Napište český i latinský název... kost stehenní, femur (os femoris) 1
7. Ve kterém kraji České republik... v Královéhradeckém 1
8. Hlavní postava seriálu Sběrate... Booth 1
9. Která párová kost u psů a koní... klíční kost (clavicula) 0
10. V září roku 2012 byla pod park... Richard III. 0